000 00531nam a2200181 4500
001 136808
003 ES-MaACL
005 20230906195231.0
007 t|
008 070214s1952 sp r ||||1| spa d
100 1 _aSaja Carcedo, Fermín de.
_9101631
245 1 3 _aLa cartilla del productor avícola /
_cpor Fermín de Saja Carcedo.
250 _a2ª ed.
260 _aVitoria :
_bIndustrias Gais,
_c1952.
300 _a219 p., 40 lám. ;
_c21 cm.
710 2 _aIndustrias Gais.
_94697
852 _aES-MaACL
_jD-7658
_bR.32618
999 _c136808
_d136808